000 02343nam0a2200337 4500
001 RU\NLR\BIBL_A\012384663
005 20201030114742.0
021 _aRU
_bКН-П-20-037275
_9КН-П-20-2822
035 _a(NLR Aleph) 012384663
090 _a11644954
_c11644954
100 _a20201021d2019 k y0rusy50 ca
101 0 _arus
102 _aRU
105 _aa|||z|||100zy
181 0 _ai
_baxxe
182 0 _an
200 1 _aМатериалы IX Всероссийской научно-практической конференции с международным участиес "Теория и методология инновационных направлений физкультурного воспитания детей дошкольного возраста" (31 октября 2019 г., г. Краснодар)
_e[материалы конференции]
_fМинистерство спорта Российской Федерации, Федеральное государственное бюджетное образовательное учреждение высшего образования "Кубанский государственный университет физической культуры, спорта и туризма"
203 _aТекст
_bвизуальный
_cнепосредственный
210 _aКраснодар
_cФГБОУ ВО КГУФКСТ
_d2019
215 _a391 с.
_cил., табл.
_d21
320 _aБиблиогр. в конце ст.
606 1 _aДошкольники
_jСъезды, совещания и т.п.
_xФизическое воспитание
_91157227
_3RU\NLR\auth\66462627
610 0 _aфизическое воспитание дошкольников
686 1 _aЧ411.354я431
710 1 2 _a"Теория и методология инновационных направлений физкультурного воспитания детей дошкольного возраста", всероссийская научно-практическая конференция с международным участием
_d9
_eКраснодар
_f2019
_9720727
_3RU\NLR\AUTH\880529404
942 _cBOOK
980 _aNBR
980 _aNB